| 000 | 00410nam a2200169Ia 4500 | ||
|---|---|---|---|
| 008 | 130318s9999 xx 000 0 und d | ||
| 020 | _a9788120312357 | ||
| 082 | _a519.5 LEV/S | ||
| 100 | _aLevin, Richard I | ||
| 245 | _aStatistics for management | ||
| 250 | _a7 | ||
| 260 |
_bPrentice Hall _aNew Delhi _c2008 |
||
| 300 | _a1026 | ||
| 650 | _aMANAGEMENT | ||
| 650 | _aSTATISTICS | ||
| 700 | _aRubin, David S | ||
| 999 |
_c1487 _d1487 |
||